000 00323nam a22001457a 4500
003 SGT
020 _a978-93-86896-02-5
082 _a610.73678
_bM19M
100 _aMAGON, SHALLY
245 _aTB. OF MIDWIFERY AND OBSTETRICS
250 _a4TH
260 _aINDIA
_bLOTUS
_c2019
300 _a1095
942 _2ddc
_cBK
_0218
999 _c16547
_d16547